000 00700cam a2200181 i 4500
005 20251108164126.0
008 250721s9999 le gr 000 0 ara d
082 1 4 _a031.02
_bع م ر
100 1 _aالطباع، عمر فاروق
_eمعد.
245 1 0 _aبنك الذاكرة : موسوعة ثقافية وجيزة :
_bموسوعة ثقافية وجيزة /
_cاعداد الدكتور عمر فاروق الطباع.
264 3 1 _aبيروت :
_bدار القلم للطباعة و النشر،
300 _a283 صفحة.
650 1 7 _aالأسئلة و الأجوبة.
650 1 7 _aالثقافة.
650 1 7 _aالموسوعات.
942 _2ddc
_cBK
999 _c4247
_d4247